| Tag |
First Indicator |
Second Indicator |
Subfields |
| LEADER |
00000cam a2200000 4500 |
| 001 |
in00000060145 |
| 005 |
20151008051604.0 |
| 008 |
740717s1951 mau 00000 eng u |
| 010 |
|
|
|a 51013476
|
| 035 |
|
|
|a (OCoLC)00949485
|
| 035 |
|
|
|9 AAG8838AM
|
| 040 |
|
|
|c HRM
|d TXA
|d UtOrBLW
|
| 041 |
1 |
|
|a eng
|a spa
|
| 043 |
|
|
|a nces---
|
| 049 |
|
|
|a TXAM
|c [201972]
|
| 050 |
0 |
0 |
|a HJ842
|b .W32
|
| 082 |
0 |
|
|a 336.7284
|
| 092 |
|
|
|a 336.7284
|b W211pu
|
| 100 |
1 |
|
|a Wallich, Henry Christopher,
|d 1914-1988.
|
| 240 |
1 |
0 |
|a Proyecciones economicas de las finanzas publicas. English
|
| 245 |
1 |
0 |
|a Public finance in a developing country ;
|b El Salvador,a case study /
|c by Henry C. Wallich and John H. Adler, with the collaboration of E. R. Schlesinger, Florence Nixon, and P. J. W. Glaessner.
|
| 264 |
|
1 |
|a Cambridge :
|b Harvard University Press,
|c 1951.
|
| 300 |
|
|
|a xviii, 346 pages :
|b tables. ;
|c 22 cm.
|
| 336 |
|
|
|a text
|b txt
|2 rdacontent
|
| 337 |
|
|
|a unmediated
|b n
|2 rdamedia
|
| 338 |
|
|
|a volume
|b nc
|2 rdacarrier
|
| 500 |
|
|
|a "The Spanish version ... was issued ... in 1949, under the title of Proyecciones economicas de las finanzas publicas."
|
| 650 |
|
0 |
|a Finance, Public
|z Salvador.
|
| 700 |
1 |
|
|a Adler, John H.
|q (John Hans),
|d 1913-
|
| 999 |
|
|
|a MARS
|
| 999 |
f |
f |
|s 124cfb14-211f-3df0-ab11-e6f56a92b6f1
|i 00c76d67-cd1c-3a72-ab00-27416c6f8b2f
|t 0
|
| 952 |
f |
f |
|p ric
|a Texas A&M University
|b Rellis Campus
|c Joint Library Facility
|d Remote Storage
|t 0
|e HJ842 .W32
|h Library of Congress classification
|i unmediated -- volume
|m A14800751828
|
| 998 |
f |
f |
|a HJ842 .W32
|t 0
|l Remote Storage
|